<?xml version="1.0" encoding="UTF-8"?>
<record
    xmlns:xsi="http://www.w3.org/2001/XMLSchema-instance"
    xsi:schemaLocation="http://www.loc.gov/MARC21/slim http://www.loc.gov/standards/marcxml/schema/MARC21slim.xsd"
    xmlns="http://www.loc.gov/MARC21/slim">

  <leader>00733nam a22002057a 4500</leader>
  <controlfield tag="003">By P.M. Mashilo, J.N. Mohlamonyane.</controlfield>
  <controlfield tag="005">20220225125343.0</controlfield>
  <controlfield tag="008">220225b        sa ||||| |||| 00| 0 eng d</controlfield>
  <datafield tag="020" ind1=" " ind2=" ">
    <subfield code="a">9780796010858</subfield>
    <subfield code="q">paperback</subfield>
  </datafield>
  <datafield tag="040" ind1=" " ind2=" ">
    <subfield code="a">WorldCat</subfield>
    <subfield code="b">English</subfield>
    <subfield code="c">WorldCat</subfield>
    <subfield code="d">3228</subfield>
    <subfield code="e">RDA</subfield>
  </datafield>
  <datafield tag="082" ind1=" " ind2=" ">
    <subfield code="a"> 896.3977112 </subfield>
    <subfield code="b">MASH</subfield>
  </datafield>
  <datafield tag="100" ind1=" " ind2=" ">
    <subfield code="a">P.M. Mashilo, J.N. Mohlamonyane.</subfield>
    <subfield code="d">[1997]</subfield>
    <subfield code="e">Morulaganyi</subfield>
    <subfield code="9">130575</subfield>
  </datafield>
  <datafield tag="245" ind1=" " ind2=" ">
    <subfield code="a">Mokaka 'kgomo. 2</subfield>
  </datafield>
  <datafield tag="250" ind1=" " ind2=" ">
    <subfield code="a">First edition</subfield>
  </datafield>
  <datafield tag="260" ind1=" " ind2=" ">
    <subfield code="a">Pietermaritzburg : </subfield>
    <subfield code="b">Shuter &amp; Shooter,</subfield>
    <subfield code="c"> 1997.</subfield>
  </datafield>
  <datafield tag="300" ind1=" " ind2=" ">
    <subfield code="a">83 pages.:</subfield>
    <subfield code="c">21cm</subfield>
  </datafield>
  <datafield tag="500" ind1=" " ind2=" ">
    <subfield code="a">Translation of title: Udder of a cow : [poetry].</subfield>
  </datafield>
  <datafield tag="546" ind1=" " ind2=" ">
    <subfield code="a">Text in Northen Sotho.</subfield>
  </datafield>
  <datafield tag="942" ind1=" " ind2=" ">
    <subfield code="2">ddc</subfield>
    <subfield code="c">BOOK</subfield>
    <subfield code="h"> 896.3977112 </subfield>
    <subfield code="i">MASH</subfield>
  </datafield>
  <datafield tag="999" ind1=" " ind2=" ">
    <subfield code="c">630924</subfield>
    <subfield code="d">630923</subfield>
  </datafield>
  <datafield tag="952" ind1=" " ind2=" ">
    <subfield code="0">0</subfield>
    <subfield code="1">0</subfield>
    <subfield code="2">ddc</subfield>
    <subfield code="4">0</subfield>
    <subfield code="7">0</subfield>
    <subfield code="8">800</subfield>
    <subfield code="a">KWAML</subfield>
    <subfield code="b">LIBAL</subfield>
    <subfield code="c">FIC</subfield>
    <subfield code="d">2022-02-25</subfield>
    <subfield code="l">0</subfield>
    <subfield code="o"> 896.3977112  MASH</subfield>
    <subfield code="p">33228031022040</subfield>
    <subfield code="r">2022-02-25</subfield>
    <subfield code="w">2022-02-25</subfield>
    <subfield code="y">CR</subfield>
  </datafield>
</record>
